000 00636nam a2200229Ia 4500
003 OSt
005 20220928123915.0
006 a|||||r|||| 00| 0
007 ta
008 220927b |||||||| |||| 00| 0 eng d
024 _a62087
037 _cTextual
040 _aSDCL
_cSDCL
_beng
041 _2eng
_aeng
082 _aDelta:3xN31, L4
100 _aNanda Jyotir Maya
_9393199
245 0 _aYoga of sex-sublimation,truth and non-violence
260 _aFlorida
_bSwami Lalitananda
_c1974
300 _axv,208p
_ccm.
942 _hDelta:3xN31, L4
_cTEXL
_2CC
999 _c775123
_d775123